Представление документа в формате RUSMARC

ПолеНазваниеЗначение
  Тип записи a
  Библиографический уровень m
001 Контрольный номер UONB/MAIN/53d25813788f45728caec834dabe75f5
005 Дата корректировки 20260428131535.6
010 Индекс ISBN __
d Цена 55 к.
9 Тираж 15000 экз.
100 Данные общей обработки __
a Данные общей обработки 20260428d1983 u y0rusy0189 ca
101 Язык документа 0_
a Язык текста rus
102 Страна публикации __
a Страна публикации RU
105 Кодированные данные (монография) __
a Кодированные данные (монография) a j 001yy
200 Заглавие и сведения об ответственности 1_
a Заглавие Экономика электронной промышленности
e Сведения, относящиеся к заглавию учебник для вузов по специальности электронной техники
f Первые сведения об ответственности П. М. Стуколов, Г. М. Лапшин, К. И. Якута
g Последующие сведения об ответственности под редакцией П. М. Стуколова
203 Вид содержания и тип средства __
a Вид содержания Текст
b Характеристика содержания визуальный
c Тип средства непосредственный
205 Сведения об издании __
a Основные сведения об издании Изд. 2-е, перераб. и доп.
210 Выходные данные 1_
a Место издания Москва
c Издательство Высшая школа
d Дата издания 1983
215 Физическое описание __
a Объем 192 с.
c Иллюстрации/тип воспроизводства ил.
d Формат 24 см
320 Библиография __
a Библиография Библиогр.: с. 190
606 Тематические рубрики 0_
a Основная рубрика Электронная промышленность предприятия
x Основная подрубрика Экономика
j Формальный подзаголовок Учебники и пособия
610 Ключевые слова 0_
a Ключевые слова электронная промышленность; экономика электронной промышленности; учебники и пособия
675 Индекс УДК __
a Индекс УДК 338:6П2.15
686 Индексы других классификаций __
a Классификационный индекс 65.9(2)305.72
2 Код системы rubbk
700 Автор _1
a Фамилия Стуколов
b Имя (инициалы) П. М.
g Полное личное имя Петр Михайлович
701 Альтернативная интеллектуальная ответственность _1
a Фамилия Лапшин
b Имя (инициалы) Г. М.
g Полное личное имя Гий Михайлович
701 Альтернативная интеллектуальная ответственность _1
a Фамилия Якута
b Имя (инициалы) К. И.
g Полное личное имя Кира Ивановна
801 Источник записи _0
a Страна RU
b Организация Ульяновская ОНБ
c Дата составления 20260428
g Правила каталогизации RCR
801 Источник записи _1
a Страна RU
b Организация Ульяновская ОНБ
c Дата составления 20260428
g Правила каталогизации RCR
901 Тип документа __
t Тип документа m
909 Создатель записи __
a Создатель записи Казакова
b Дата создания записи 20260428